000 01383nam0a2200325 4500
001 RU\NLR\bibl\455437
005 20260406145658.0
010 _a5-235-02577-6
_95000
021 _aRU
_b2003-42213
_92006
035 _a(NLR Aleph) 000448975
090 _a861664
_c861664
100 _a20031105d2003 |||y0rusy50 ca
101 0 _arus
102 _aRU
105 _aa |||||||||
200 1 _aСтолыпин
_fСвятослав Рыбас
210 _aМ.
_cМолодая гвардия
_d2003
215 _a420,[2] с., [16] л. ил., портр.
_d21
225 1 _aЖизнь замечательных людей
_eСер. биографий
_fОснована в 1890 г. Ф. Павленковым и продолжена в 1933 г. М. Горьким
_vВып. 1055 (855)
320 _aБиблиогр.: с. 418-419
600 1 _aСтолыпин
_bП.А.
_f1862 - 1911
_gПетр Аркадьевич
_91594661
_3RU\NLR\auth\66999833
686 _aТ3(2)52-8
700 1 _4070
_7ca
_8rus
_aРыбас
_bС. Ю.
_f1946-
_gСвятослав Юрьевич
_9211025
_3RU\NLR\AUTH\770211081
702 1 _4570
_7ca
_8rus
_aСтолыпин
_bП. А.
_f1862-1911
_gПетр Аркадьевич
_9114728
_3RU\NLR\auth\774751
801 0 _aRU
_bNLR
_c20031105
_gPSBO
801 1 _aRU
_bNLR
_c20031105
830 _aАвт. по кн.
942 _cBOOK
980 _aNB